000 00653nam a22001815i 4500
001 164035
003 ES-MaACL
005 20250812074047.0
008 000413s1897 fr af |||| | fre d
040 _aCAM
_bspa
_cCAM
100 1 _aRoux, Onésime.
_9132122
245 1 0 _aGénie
_b: le génie, ses travaux spéciaux, ses services annexes /
_cpar Onésime Roux.
260 _aParis :
_bP. Vicq-Dunod et C., éditeurs,
_c1897 (
_eTours :
_fDeslis Frères)
300 _a508 p., [1] h. de lám. pleg. col. :
_bil. ;
_c19 cm.
650 0 7 _aArte y ciencia militar
_2embne
_9135619
852 _aES-MaACL
_jF-2065
_z-- Enc. pasta
999 _c164035
_d164035